Neoliberalismo y nuevo modelo sindical: los trabajadores estatales durante la primera presidencia de Carlos Menem = Neoliberalism and the new trade union model, state workers during the first presidency of Carlos Menem /
Se realiza una revisión del proceso de reformas legales que se llevó a cabo en la Argentina entre 1989 y 1995, y de sus consecuencias para con los trabajadores estatales. Además, se pretende describir y explicar algunas de las respuestas de los sindicatos que nuclean a estos trabajadores frente al a...
Guardado en:
| Hovedforfatter: | |
|---|---|
| Format: | Texto |
| Fag: | |
| Tags: |
Tilføj Tag
Ingen Tags, Vær først til at tagge denne postø!
|
MARC
| LEADER | 00000 a a2200000 04500 | ||
|---|---|---|---|
| 001 | 42160 | ||
| 003 | |||
| 040 | |||
| 100 | |a Duhalde, Santiago | ||
| 245 | |a Neoliberalismo y nuevo modelo sindical: los trabajadores estatales durante la primera presidencia de Carlos Menem = |b Neoliberalism and the new trade union model, state workers during the first presidency of Carlos Menem / |c Santiago Duhalde | ||
| 500 | |a santiagoduhalde@hotmail.com | ||
| 520 | |a Se realiza una revisión del proceso de reformas legales que se llevó a cabo en la Argentina entre 1989 y 1995, y de sus consecuencias para con los trabajadores estatales. Además, se pretende describir y explicar algunas de las respuestas de los sindicatos que nuclean a estos trabajadores frente al avance de las políticas neoliberales. De esta manera se pasa a indicar las características de un nuevo modelo sindical. Finalmente, y en oposición a una tesis sumamente extendida, se llega a la conclusión de que no todo el sindicalismo argentino asumió una actitud pasiva durante este periodo, sino que, al contrario, los sindicatos estatales lograron un aumento considerable de la conflictividad laboral y encabezaron la construcción de un modelo sindical alternativo. | ||
| 590 | |a EFU/NOVIEMBRE2011 | ||
| 650 | |a 1.NEOLIBERALISMO | ||
| 650 | |a 2.SINDICATOS | ||
| 650 | |a 3.ARGENTINA | ||
| 650 | |a 4.ESTUDIOS DE CASOS | ||
| 650 | |a 5.POLITICAS PUBLICAS | ||
| 773 | |g volumen19, número3 ( , 2010), páginas 417-443 : tablas | ||
| 999 | |c 31266 |d 31266 | ||
